Optimization Techniques (Record no. 757754)

MARC details
000 -LEADER
fixed length control field 00361nam a22001457a 4500
020 ## - INTERNATIONAL STANDARD BOOK NUMBER
ISBN 9789360619145
082 ## - DEWEY DECIMAL CLASSIFICATION NUMBER
Classification number 519.6
Item number STE.O
100 ## - MAIN ENTRY--AUTHOR NAME
Personal name Steven King
245 ## - TITLE STATEMENT
Title Optimization Techniques
Statement of responsibility, etc Steven King
260 ## - PUBLICATION, DISTRIBUTION, ETC. (IMPRINT)
Place of publication New Delhi
Name of publisher Pinakin
300 ## - PHYSICAL DESCRIPTION
Number of Pages 278p.
650 ## - SUBJECT ADDED ENTRY--TOPICAL TERM
Topical Term Optimization Techniques
942 ## - ADDED ENTRY ELEMENTS (KOHA)
Source of classification or shelving scheme Dewey Decimal Classification
Koha item type Book
Holdings
Withdrawn status Lost status Source of classification or shelving scheme Damaged status Not for loan Home Library Current Location Date acquired Full call number Accession Number Price effective from Koha item type
    Dewey Decimal Classification     Dept. of Statistics Dept. of Statistics 17/03/2026 519.6 STE.O STA10937 17/03/2026 Book